Ugly ducklings - Statistics

General Stats
  • This quiz has been taken 11 times
  • The average score is 11 of 20
Answer Stats
Hint Answer % Correct
The “9th planet” Pluto
100%
Last grown teeth Wisdom
100%
The 6th vowel Y
100%
Egg laying mammal Platypus
91%
4th western eating utensil; (combination) Spork
91%
Large foul smelling “king of fruits” Durian
73%
Number represented by a letter (2.718…) e
73%
Unicorn of the sea Narwhal
73%
5 sided national flag Nepal
73%
Sweet, sour, salty, bitter and… Umami
73%
Room temperature liquid metal Mercury
64%
4th state of matter Plasma
64%
Dutch speaking South American country Suriname
45%
“Tree” more closely related to grass Palm
27%
Long fingered lemur Aye-Aye
18%
Disabled Olympian god Hephaestus
18%
Up, down, top, bottom, charm and… Strange
18%
The 5th classical element Aether
9%
The 27th letter of the alphabet (19th century) Ampersand
9%
Original name of the 7th planet Georgian planet
9%
No matching quizzes found
Score Distribution
Percent of People with Each Score
Percentile by Number Answered
Your Score History
You have not taken this quiz